Zdjęcia europejskich stolic – Nagła śmierć - Statystyki

Ogólne statystyki
  • Ten quiz został rozwiązany 47 razy
  • Średni wynik to 10 z 20
Answers on the Grid
Answers color-coded by a green-red scale on the quiz's grid according to % correct below.
 
Statystyki odpowiedzi
Odpowiedź % Poprawnych
Rome
97%
Berlin
90%
Paris
87%
Amsterdam
70%
Prague
67%
Tallinn
63%
Copenhague
60%
Madrid
60%
Vienne
57%
Lisbonne
50%
Riga
47%
Bern
47%
Bratislava
47%
Helsinki
40%
Monaco
40%
Bruxelles
37%
Vaduz
33%
Stockholm
30%
Dublin
17%
Oslo
10%
Nie znaleziono quizów pasujących do podanych kryteriów
Rozkład punktacji
Procent ludzi z każdym wynikiem
Percentyl według liczby udzielonych odpowiedzi
Twoja historia wyników
Nie rozwiązałeś tego quizu